000 00419nam a22001577a 4500
005 20230112120702.0
008 220209b ||||| |||| 00| 0 eng d
020 _a81-239-1427-X
041 _aeng
100 _aSHARMA, VARUN DUTT AND PANDAY, S.K
_96991
245 _aHUMAN ANATOMY AND PHYSIOLOGY: PRACTICAL NOTEBOOK
260 _aNEW DELHI
_bCBS
300 _a81;p
650 _aPHARMACY
_xB.PHARMA
_97083
942 _cBK
999 _c7869
_d7867